000 005030000a22001930004500
020 _a0-88113-208-X
041 0 _aSPA
082 0 4 _aG 289.3 M3791m
100 1 _aMartin, Walter R.
245 1 0 _aMormonismo / Walter Martin; Juan Sanchez Araujo, Traductor
250 _aed. revisada y actualizada
260 _a[S.L] : Betania
300 _a103 Pag
001 5524
942 _cBK
999 _c35913
_d35913
336 _atexto
_btxt
_2rdacontent
337 _2rdamedia
_asin mediación
_bn
338 _2rdacarrier
_avolumen
_bnc